Delitos en particular /

Contiene: 1) Delitos contra la autoridad; 2) Delitos contra el libre desarrollo de la personalidad; 3) Falsedad; 4) Delitos contra la paz y seguridad de las personas; 5) Delitos contra el honor.

Збережено в:
Бібліографічні деталі
Автор: López Betancourt, Raúl Eduardo (autor)
Формат: Книга
Мова:Іспанська
Опубліковано: México : Porrúa, 2008, c2008
Редагування:2a edición
Предмети:
Теги: Додати тег
Немає тегів, Будьте першим, хто поставить тег для цього запису!

MARC

LEADER 00000nam^a2200000^a^4500
001 000308453
005 20250521000000.0
009 20260310112918.106
020 |a 978-607-9-00097-4 
037 |a Acervo ITESO - Biblioteca 
041 |a ESP 
082 |a 345. 7202  |b LOP V. 5 
100 |a López Betancourt, Raúl Eduardo  |e (autor) 
240 1 1 |a [Delitos en particular] 
245 1 0 |a Delitos en particular /  |c R.E. López Betancourt. 
250 |a 2a edición 
264 4 |a México :  |b Porrúa,  |c 2008, c2008 
300 |a XXIII, 434 p. 
336 |a texto  |b txt  |2 rdacontenido 
337 |a sin mediación  |b n  |2 rdamedio 
338 |a volumen  |b nc  |2 rdasoporte 
520 |a Contiene: 1) Delitos contra la autoridad; 2) Delitos contra el libre desarrollo de la personalidad; 3) Falsedad; 4) Delitos contra la paz y seguridad de las personas; 5) Delitos contra el honor. 
649 |a XX 
650 |a Falsificación -  |z México 
650 |a Tráfico de Personas -  |z México 
650 |a Delitos Sexuales -  |z México 
650 |a Delitos contra el Honor -  |z México 
650 |a Delitos contra el Orden Público -  |z México 
650 |a Delitos contra la Autoridad -  |z México 
650 |a Delitos contra el Estado -  |z México 
650 |a Delitos -  |z México -  |x Tema Principal 
650 |a Proceso Penal -  |z México 
650 |a Derecho Procesal Penal -  |z México 
650 |a Derecho Procesal -  |z México 
650 |a Derecho Penal -  |z México 
650 |a Derecho Público -  |z México 
650 |a México -  |x Condiciones Jurídicas 
910 |a Fondo General 
920 |a Impresos - Libros 
930 |a Colección General 
905 |a 101 
901 |a 0500194629  |b IT1  |c ACC  |i C127701  |u 20250521 
902 |a https://opac.biblio.iteso.mx/vufind/Record/000308453